[Event "Malopolska-ch"]
[Site "Krakow"]
[Date "2025.06.19"]
[Round "1"]
[White "Sowa, Roch"]
[Black "Sliwicki, Damian"]
[Result "0-1"]
[WhiteElo "1956"]
[BlackElo "2161"]
[PlyCount "92"]
[EventDate "2025.06.19"]
[EventType "swiss"]
[EventRounds "7"]
[EventCountry "POL"]
[SourceTitle "CB26_2025"]
[SourceDate "2025.06.25"]
[SourceVersion "1"]
[SourceVersionDate "2025.06.25"]
[SourceQuality "1"]

1. d4 Nf6 2. c4 e6 3. Nc3 Bb4 4. a3 Bxc3+ 5. bxc3 0-0 6. f3 d5 7. cxd5 exd5 8. e3 c5 9. Bd3 Nc6 10. Ne2 Re8 11. 0-0 b6 12. Ng3 Be6 13. Ra2 Rc8 14. Re2 Na5 15. Bb1 Qd7 16. Ref2 Qb5 17. Bc2 Qc4 18. Bb2 Bd7 19. e4 dxe4 20. fxe4 Ng4 21. Re2 cxd4 22. cxd4 Bb5 23. Rf5 Qc6 24. Bd3 Bxd3 25. Qxd3 Nc4 26. Qf3 Nh6 27. Bc3 Nd6 28. Bd2 Nhxf5 29. Nxf5 Nxf5 30. Qxf5 Qc4 31. Qf2 Rcd8 32. Be3 Rxe4 33. h3 Qe6 34. Qf3 Re8 35. Kf2 h6 36. g4 b5 37. Re1 a5 38. Qe2 b4 39. axb4 axb4 40. Qd3 b3 41. d5 Qf6+ 42. Kg2 b2 43. Bd4 Rxe1 44. Bxf6 b1Q 45. Qd4 Qe4+ 46. Qxe4 R1xe4 0-1

[Event "Titled Tuesday intern op 18th Mar Late"]
[Site "Chess.com INT"]
[Date "2025.03.18"]
[Round "5"]
[White "Sliwicki, Damian"]
[Black "Hasangatin, Ramil"]
[Result "1-0"]
[WhiteElo "2157"]
[BlackElo "2444"]
[PlyCount "101"]
[EventDate "2025.03.18"]
[EventType "swiss (blitz)"]
[EventRounds "11"]
[EventCountry "USA"]
[SourceTitle "CB13_2025"]
[SourceDate "2025.03.26"]
[SourceVersion "1"]
[SourceVersionDate "2025.03.26"]
[SourceQuality "1"]

1. d4 d6 2. e4 Nf6 3. Nc3 e5 4. Nf3 Nbd7 5. Bc4 Be7 6. a4 0-0 7. h3 c6 8. Be3 b6 9. 0-0 Bb7 10. Ba2 a6 11. Qd3 b5 12. Rad1 Qc7 13. d5 cxd5 14. exd5 b4 15. Ne4 Nxe4 16. Qxe4 f5 17. Qxb4 Rac8 18. c4 a5 19. Qc3 Nc5 20. b3 Ra8 21. Rfe1 Bc8 22. Bb1 Bd7 23. Bc2 Bf6 24. Bg5 Rae8 25. Bxf6 Rxf6 26. Re2 h6 27. Ne1 e4 28. f3 e3 29. Rxe3 Qb6 30. Rxe8+ Bxe8 31. Qe3 Bg6 32. Nd3 f4 33. Qd4 Bxd3 34. Rxd3 Qb4 35. Rd1 Qa3 36. Qc3 Nb7 37. Re1 Qc5+ 38. Kh1 Qf2 39. Re8+ Kf7 40. Qe1 Qxe1+ 41. Rxe1 Nc5 42. h4 Kf8 43. h5 Rf7 44. Bg6 Re7 45. Rb1 Rb7 46. Bc2 Ke7 47. Kh2 Kf6 48. g3 fxg3+ 49. Kxg3 Ke5 50. Rd1 Nxb3 51. f4+ 1-0

[Event "Titled Tuesday intern op 21st Jan Late"]
[Site "Chess.com INT"]
[Date "2025.01.21"]
[Round "1"]
[White "Smirnov, Mark1"]
[Black "Sliwicki, Damian"]
[Result "0-1"]
[WhiteElo "2336"]
[BlackElo "2172"]
[PlyCount "64"]
[EventDate "2025.01.21"]
[EventType "swiss (blitz)"]
[EventRounds "11"]
[EventCountry "USA"]
[SourceTitle "CB05_2025"]
[SourceDate "2025.01.29"]
[SourceVersion "1"]
[SourceVersionDate "2025.01.29"]
[SourceQuality "1"]

1. d4 g6 2. e4 c5 3. dxc5 Bg7 4. Nf3 Nc6 5. c3 Nf6 6. Bd3 0-0 7. 0-0 a5 8. a4 Qc7 9. Na3 Ne5 10. Nxe5 Qxe5 11. Be3 d6 12. Nc4 Qe6 13. cxd6 exd6 14. Nb6 Rb8 15. Bd4 Nxe4 16. Bxg7 Kxg7 17. Re1 d5 18. Nxd5 Qxd5 19. Bxe4 Qg5 20. Qd4+ Kg8 21. Bd5 Rd8 22. c4 Be6 23. Bxe6 Rxd4 24. Bd5 Rxd5 25. cxd5 Qxd5 26. Rad1 Qb3 27. Rd7 Qxa4 28. Rde7 Qb4 29. R7e2 Rd8 30. g3 Rd2 31. Re8+ Kg7 32. R1e7 Qd4 0-1

[Event "Bialystok Zamenhof Memorial 43rd"]
[Site "Bialystok"]
[Date "2024.12.29"]
[Round "5"]
[White "Sliwicki, Damian"]
[Black "Kasperek, Ryszard"]
[Result "1-0"]
[WhiteElo "2172"]
[BlackElo "2059"]
[PlyCount "64"]
[EventDate "2024.12.27"]
[EventType "swiss"]
[EventRounds "9"]
[EventCountry "POL"]
[SourceTitle "CB02_2025"]
[SourceDate "2025.01.08"]
[SourceVersion "1"]
[SourceVersionDate "2025.01.08"]
[SourceQuality "1"]

1. e4 c5 2. Nf3 e6 3. d4 cxd4 4. Nxd4 a6 5. Nc3 b5 6. a3 Bb7 7. g4 Ne7 8. Bg5 h6 9. Be3 Nbc6 10. Nb3 d6 11. f4 Na5 12. Nxa5 Qxa5 13. b4 Qc7 14. Bxb5+ Nc6 15. Ba4 Be7 16. Qd3 0-0 17. 0-0-0 Rfc8 18. Ne2 d5 19. exd5 exd5 20. Rhg1 Rab8 21. g5 hxg5 22. Bb3 Bxb4 23. axb4 Nxb4 24. Qf5 Qa5 25. Rxg5 Rxc2+ 26. Kb1 Qa3 27. Bxc2 Nxc2 28. Rxg7+ Kxg7 29. Qe5+ f6 30. Rg1+ Kf7 31. Qc7+ Ke6 32. f5+ Kxf5 1-0

[Event "Titled Tuesday intern op 27th Aug Late"]
[Site "Chess.com INT"]
[Date "2024.08.27"]
[Round "4"]
[White "Rojas Alarcon, Julian Antonio"]
[Black "Sliwicki, Damian"]
[Result "0-1"]
[WhiteElo "2357"]
[BlackElo "2153"]
[PlyCount "64"]
[EventDate "2024.08.27"]
[EventType "swiss (blitz)"]
[EventRounds "11"]
[EventCountry "USA"]
[SourceTitle "EXT 2025"]
[Source "ChessBase"]
[SourceDate "2024.10.14"]
[SourceVersion "1"]
[SourceVersionDate "2024.10.14"]
[SourceQuality "1"]

1. e4 c5 2. Nf3 g6 3. d4 cxd4 4. Nxd4 Nc6 5. c4 Nf6 6. Nc3 Nxd4 7. Qxd4 d6 8. f3 Bg7 9. Be3 0-0 10. Qd2 a5 11. b3 a4 12. b4 Be6 13. Rc1 Nd7 14. Nb5 a3 15. Be2 Bb2 16. Rc2 Ne5 17. Nd4 Qc8 18. c5 Bxa2 19. cxd6 Qd8 20. dxe7 Qxe7 21. 0-0 Rfd8 22. Rxb2 axb2 23. Qxb2 Bc4 24. Ra1 Rxa1+ 25. Qxa1 Qxb4 26. Nc2 Qb5 27. Na3 Qa5 28. Bf4 Bxe2 29. Kf2 Nd3+ 30. Kxe2 Nxf4+ 31. Kf2 Rd2+ 32. Kg3 Qg5# 0-1

[Event "Titled Tuesday intern op 27th Aug Late"]
[Site "Chess.com INT"]
[Date "2024.08.27"]
[Round "1"]
[White "Santos, Isaque Goncalves"]
[Black "Sliwicki, Damian"]
[Result "0-1"]
[WhiteElo "1980"]
[BlackElo "2153"]
[PlyCount "40"]
[EventDate "2024.08.27"]
[EventType "swiss (blitz)"]
[EventRounds "11"]
[EventCountry "USA"]
[SourceTitle "EXT 2025"]
[Source "ChessBase"]
[SourceDate "2024.10.14"]
[SourceVersion "1"]
[SourceVersionDate "2024.10.14"]
[SourceQuality "1"]

1. d4 Nf6 2. c4 e5 3. d5 Bc5 4. e3 0-0 5. Ne2 c6 6. Nbc3 b5 7. dxc6 bxc4 8. cxd7 Nbxd7 9. Ng3 Bb7 10. f3 Qb6 11. Kf2 Rad8 12. Na4 Qc6 13. Nxc5 Nxc5 14. Qc2 Nd3+ 15. Bxd3 Rxd3 16. b3 Ng4+ 17. Ke2 Rfd8 18. Qxc4 Qd6 19. Qc2 Ba6 20. Ke1 Rd1+ 0-1

[Event "Titled Tuesday intern op 09th Jan Late"]
[Site "Chess.com INT"]
[Date "2024.01.09"]
[Round "7"]
[White "Sliwicki, Damian"]
[Black "Estrada Nieto, Julian"]
[Result "1-0"]
[WhiteElo "2091"]
[BlackElo "2199"]
[PlyCount "107"]
[EventDate "2024.01.09"]
[EventType "swiss (blitz)"]
[EventRounds "11"]
[EventCountry "USA"]
[SourceTitle "EXT 2025"]
[Source "ChessBase"]
[SourceDate "2024.10.14"]
[SourceVersion "1"]
[SourceVersionDate "2024.10.14"]
[SourceQuality "1"]

1. e4 e5 2. Nf3 Nc6 3. d4 exd4 4. Bc4 Bc5 5. c3 d6 6. cxd4 Bb6 7. 0-0 Nf6 8. Nc3 0-0 9. Bg5 h6 10. Bh4 Bg4 11. Nd5 Bxf3 12. Qxf3 Bxd4 13. Qg3 Nxe4 14. Qg4 Ng5 15. Rad1 Bc5 16. b4 Ne5 17. Qf4 Ng6 18. Qg4 Nxh4 19. bxc5 Ne6 20. cxd6 cxd6 21. Ne3 Re8 22. g3 Ng6 23. Nf5 Qg5 24. Qf3 Ne5 25. Qe4 Nxc4 26. f4 Qf6 27. Nxd6 Nxd6 28. Rxd6 Rad8 29. Rfd1 Rxd6 30. Rxd6 Qa1+ 31. Kg2 Qxa2+ 32. Kh3 Qa1 33. f5 Qf1+ 34. Kh4 Nc7 35. Qxb7 Qxf5 36. g4 Qf3 37. Qxf3 Ne6 38. Rd7 Ng5 39. Qf5 Rf8 40. Kg3 g6 41. Qf4 Ne6 42. Qf6 Ng5 43. Re7 Nh7 44. Qa6 Ng5 45. h4 Ne6 46. Rxe6 fxe6 47. Qxe6+ Rf7 48. Qxg6+ Kf8 49. Qxh6+ Ke7 50. Qa6 Kf8 51. g5 Kg7 52. Kg4 Rf1 53. Qxf1 a5 54. Qf6+ 1-0

[Event "Titled Tuesday intern op 09th Jan Late"]
[Site "Chess.com INT"]
[Date "2024.01.09"]
[Round "2"]
[White "Sliwicki, Damian"]
[Black "Karacsonyi, Gellert"]
[Result "0-1"]
[WhiteElo "2091"]
[BlackElo "2398"]
[PlyCount "158"]
[EventDate "2024.01.09"]
[EventType "swiss (blitz)"]
[EventRounds "11"]
[EventCountry "USA"]
[SourceTitle "EXT 2025"]
[Source "ChessBase"]
[SourceDate "2024.10.14"]
[SourceVersion "1"]
[SourceVersionDate "2024.10.14"]
[SourceQuality "1"]

1. e4 c5 2. Nc3 Nc6 3. Bb5 Nd4 4. Nf3 g6 5. Bc4 Bg7 6. Nxd4 cxd4 7. Qf3 Nh6 8. Ne2 0-0 9. d3 Ng4 10. Bxf7+ Rxf7 11. Qxg4 d5 12. Qh4 dxe4 13. Qxe4 Bf5 14. Qh4 Qa5+ 15. Bd2 Qb6 16. b3 Rc8 17. Rc1 Qa6 18. a4 Qe6 19. f3 Rc5 20. g4 Re5 21. 0-0 Rxe2 22. gxf5 Rxf5 23. Rce1 Bf6 24. Rxe2 Qxe2 25. Qf2 Qe6 26. Kh1 Qc6 27. Bc1 Be5 28. Qg2 Bd6 29. f4 e5 30. Qxc6 bxc6 31. Kg2 exf4 32. Kf3 Rc5 33. Rf2 g5 34. Rg2 h6 35. h4 Rf5 36. hxg5 hxg5 37. Kg4 Rf7 38. Rf2 Be7 39. Bb2 c5 40. b4 cxb4 41. Bxd4 a6 42. Rg2 Rh7 43. Kf3 Kf7 44. Ke4 Rh1 45. Bf2 Rc1 46. Bd4 Re1+ 47. Kf5 Re6 48. Rh2 Rd6 49. Rh7+ Ke8 50. Rh8+ Kd7 51. Rh7 Rxd4 52. Rg7 Rd5+ 53. Ke4 Rc5 54. d4 Rxc2 55. d5 Re2+ 56. Kf5 f3 57. d6 Kxd6 58. Rg6+ Kd7 59. Kg4 f2 60. a5 f1Q 61. Rb6 Qg1+ 62. Kh5 Qxb6 63. axb6 Kc6 64. b7 Kxb7 65. Kg6 Bc5 66. Kf7 Ba7 67. Kg6 Kb6 68. Kf5 g4 69. Kxg4 Rf2 70. Kg3 Kc6 71. Kg4 Kd5 72. Kg3 Ke5 73. Kg4 Rf4+ 74. Kg3 Ke4 75. Kg2 Bb8 76. Kh1 Rf2 77. Kg1 Kf3 78. Kh1 b3 79. Kg1 b2 0-1